Lettres et écrits théoriques: traité des proportions
Bewaard in:
| Hoofdauteur: | |
|---|---|
| Formaat: | Boek |
| Taal: | Frans |
| Gepubliceerd in: |
París
Hermann
1964
|
| Onderwerpen: | |
| Tags: |
Voeg label toe
Geen labels, Wees de eerste die dit record labelt!
|
MARC
| LEADER | 00000nam a2200000 a 4500 | ||
|---|---|---|---|
| 001 | UCO4872 | ||
| 003 | CL-VaPUC | ||
| 008 | 000825e19640000FR |||||||||||||||||fre|d | ||
| 082 | 0 | 4 | |a 701.8 |b DUR |2 21 |
| 100 | |a Durero, Alberto |e author |9 265606 | ||
| 245 | 1 | 0 | |a Lettres et écrits théoriques: traité des proportions |
| 300 | |a 210 p | ||
| 942 | |c BK | ||
| 945 | |d 20000825 00:00:00 |a crobeson | ||
| 260 | |a París |b Hermann |c 1964 | ||
| 650 | 0 | |a Teoría del arte |9 387638 | |
| 650 | 0 | |a Proporción (Arte) |9 265738 | |
| 650 | 0 | |a Estética |9 264950 | |
| 650 | 0 | |a Correspondencia |9 258963 | |
| 583 | |a last modification |c 20000825 00:00:00 |k Rodrigo Vera | ||
| 999 | |c 290837 |d 290835 | ||
| 952 | |0 0 |1 0 |4 0 |6 701_800000000000000_DUR_1964 |7 0 |8 A |9 340445 |a BIBART |b BIBART |d 2019-11-20 |i 1216198 |o 701.8 DUR 1964 |p 1216198 |r 2025-03-13 |w 2019-11-20 |y BK |k ART | ||